000 00735nam a22002057a 4500
999 _c13223
_d13223
003 AR-CdUCM
008 190411b ||||| |||| 00| 0 spa d
040 _aMUNICIPALIDAD PROVINCIAL DEL CUSCO
_cBIBLIOTECA MUNICIPAL DEL CUSCO
082 _a332.11 /
_bL681 / 1965
110 _aBanco central de reserva del Perú
_91201
245 _aLey organica :
_b(Nº 13958, del 30 de enero de 1962) /
260 _aLima :
_bImp. casa nacional de moneda,
_c1965.
300 _a76 páginas ;
_c20 cm.
505 _aContenido: Ley orgánica banco central del Perú.
650 _aModificatoria
_931504
650 _aLey banco central de reserva
_931505
650 _aCasa de la moneda
_91875
942 _2ddc
_cFOLLETOS
945 _adavv
_d11/04/2019